| 000 | 00834cab a2200277 4500 | ||
|---|---|---|---|
| 001 | ABS47794 | ||
| 008 | 090401t1993 xxu||||| |||| 00| 0 eng d | ||
| 035 | _a(Sirsi) u63425 | ||
| 041 | _aeng | ||
| 100 | _aKeys, D. | ||
| 245 | _aUnderneath the arches | ||
| 260 | _c1993 | ||
| 350 | _a0 | ||
| 490 |
_aArchitects` Journal _v197(3) 20 January 1993, 41-42 (2) |
||
| 520 | _aDescribes the waterproofing of the space under the platforms of Waterloo Station using Shotcrete, a form of sprayed concrete, to provide a waterproof area. | ||
| 650 | _aRAILWAY ARCHES | ||
| 650 | _aSHOTCRETE | ||
| 650 | _aSPRAYED CONCRETE | ||
| 650 | _aUNDERGROUND | ||
| 650 | _aWATERLOO STATION | ||
| 650 | _aWATERPROOFING | ||
| 690 | _aBUILT ENVIRONMENT-CONSTRUCTION DESIGN | ||
| 700 | _aMcGuckin, S. | ||
| 942 | _n0 | ||
| 948 | _c04/03/1997 | ||
| 999 |
_c39420 _d39420 |
||